|
|
|
|
| LEADER |
00894nam a2200241 a 4500 |
| 001 |
15972976 |
| 008 |
101214s2011 maua b 001 0 eng d |
| 010 |
|
|
|a 2009044311
|
| 020 |
|
|
|a 9780071289191
|
| 020 |
|
|
|a 9780073383149 (hdbk. : alk. paper)
|
| 040 |
|
|
|a DLC
|c DLC
|d DLC
|d BD-DhAAL
|
| 082 |
0 |
0 |
|a 512.7/2
|2 22
|
| 100 |
1 |
|
|a Burton, David M.
|
| 245 |
1 |
0 |
|a Elementary number theory /
|c David M. Burton.
|
| 250 |
|
|
|a 7th ed.
|
| 260 |
|
|
|a Boston :
|b McGraw-Hill, Higher Education,
|c 2011.
|
| 300 |
|
|
|a xii, 436 p. :
|b ill. ;
|c 24 cm.
|
| 504 |
|
|
|a Includes bibliographical references and index.
|
| 541 |
1 |
|
|e 00021594
|
| 650 |
|
0 |
|a Number theory.
|
| 852 |
4 |
|
|a Ayesha Abed Library
|c General Shelf.
|
| 999 |
|
|
|c 10214
|d 10214
|
| 952 |
|
|
|0 0
|1 0
|2 ddc
|4 0
|6 512_720000000000000_BUR
|7 0
|9 13626
|a BRACUL
|b BRACUL
|c GEN
|d 2010-12-14
|e TRIM EDUCATION
|l 8
|m 50
|o 512.72 BUR
|p 3010021594
|r 2025-05-13
|s 2025-05-06
|t 1
|w 2010-12-14
|y BK
|